The science and practice of welding, vols. 1 [and] 2 (Record no. 80347)
[ view plain ]
| 000 -LEADER | |
|---|---|
| fixed length control field | 00791nam a2200193 a 4500 |
| 008 - FIXED-LENGTH DATA ELEMENTS--GENERAL INFORMATION | |
| fixed length control field | 120416s1992 ||||||||||||||||| || u |
| 020 ## - INTERNATIONAL STANDARD BOOK NUMBER | |
| International Standard Book Number | 052143565X |
| 050 ## - LIBRARY OF CONGRESS CALL NUMBER | |
| Classification number | TS 227 Dav |
| 100 ## - MAIN ENTRY--PERSONAL NAME | |
| Personal name | Davies, Arthur Cyrill |
| 245 14 - TITLE STATEMENT | |
| Title | The science and practice of welding, vols. 1 [and] 2 |
| 250 ## - EDITION STATEMENT | |
| Edition statement | 10th ed. |
| 260 ## - PUBLICATION, DISTRIBUTION, ETC. | |
| Place of publication, distribution, etc. | Cambridge |
| Name of publisher, distributor, etc. | Cambridge University Press |
| Date of publication, distribution, etc. | 1992 |
| 300 ## - PHYSICAL DESCRIPTION | |
| Extent | xiii, 347p. : ill. |
| 350 ## - | |
| -- | 0.00 |
| 650 #7 - SUBJECT ADDED ENTRY--TOPICAL TERM | |
| Topical term or geographic name entry element | TECHNOLOGY |
| Source of heading or term | fast |
| 650 ## - SUBJECT ADDED ENTRY--TOPICAL TERM | |
| Topical term or geographic name entry element | WELDING |
| 995 ## - | |
| -- | MAIN LIBRARY OPEN ACCESS |
| -- | 0.00 |
| -- | 028244 |
| -- | CBU-MAIN LIBRARY (Kitwe) |
| -- | 2 |
| -- | 12.60 |
| -- | TS 227 Dav |
| -- | 1 |
| -- | AVAILABLE |
| -- | 028244 |
| -- | Main Library Open Access Collection |
| 995 ## - | |
| -- | MAIN LIBRARY OPEN ACCESS |
| -- | 0.00 |
| -- | 731029 |
| -- | CBU-MAIN LIBRARY (Kitwe) |
| -- | 1 |
| -- | 12.60 |
| -- | TS 227 Dav |
| -- | 2 |
| -- | AVAILABLE |
| -- | 028243 |
| -- | Main Library Open Access Collection |
| 999 ## - | |
| -- | 80347 |
| -- | 80347 |
| Withdrawn status | Lost status | Source of classification or shelving scheme | Damaged status | Not for loan | Permanent Location | Current Location | Shelving location | Date acquired | Total Checkouts | Full call number | Barcode | Date last seen | Copy number | Price effective from | Koha item type |
|---|---|---|---|---|---|---|---|---|---|---|---|---|---|---|---|
| CBU-MAIN LIBRARY, KITWE. | CBU-MAIN LIBRARY, KITWE. | 06/29/2023 | TS 227 Dav | 028244 | 06/29/2023 | 1 | 06/29/2023 | MONOGRAPH | |||||||
| CBU-MAIN LIBRARY, KITWE. | CBU-MAIN LIBRARY, KITWE. | 06/29/2023 | TS 227 Dav | 028243 | 06/29/2023 | 2 | 06/29/2023 | MONOGRAPH |